Front office operations: (Record no. 2191)

MARC details
000 -LEADER
fixed length control field 00682nam a22001937a 4500
005 - DATE AND TIME OF LATEST TRANSACTION
control field 20230706061606.0
008 - FIXED-LENGTH DATA ELEMENTS--GENERAL INFORMATION
fixed length control field 230706b |||||||| |||| 00| 0 eng d
020 ## - INTERNATIONAL STANDARD BOOK NUMBER
International Standard Book Number 978-621-418-094-3
082 ## - DEWEY DECIMAL CLASSIFICATION NUMBER
Classification number Fil. 647.268 B165 2020
100 ## - MAIN ENTRY--PERSONAL NAME
Personal name Bajao, Grayfield T.
Relator term author
245 ## - TITLE STATEMENT
Title Front office operations:
Remainder of title a guide to effective customer service /
Statement of responsibility, etc. Grayfield T. Bajao, Rene D. Osorno
260 ## - PUBLICATION, DISTRIBUTION, ETC.
Place of publication, distribution, etc. Quezon City:
Name of publisher, distributor, etc. Wiseman's Books Trading,
Date of publication, distribution, etc. c2020
300 ## - PHYSICAL DESCRIPTION
Extent x, 334p.:
Other physical details ill.
504 ## - BIBLIOGRAPHY, ETC. NOTE
Bibliography, etc. note Includes bibliographical references
541 ## - IMMEDIATE SOURCE OF ACQUISITION NOTE
Accession number 7252 c.1, 7253 c.2
650 ## - SUBJECT ADDED ENTRY--TOPICAL TERM
Topical term or geographic name entry element Hotel front desk personnel
650 ## - SUBJECT ADDED ENTRY--TOPICAL TERM
Topical term or geographic name entry element Hotels and motels - Management
700 ## - ADDED ENTRY--PERSONAL NAME
Personal name Osorno, Rene D.
Relator term author
Holdings
Withdrawn status Lost status Source of classification or shelving scheme Damaged status Not for loan Home library Current library Date acquired Total Checkouts Full call number Barcode Date due Date last seen Date last checked out Copy number Price effective from Koha item type
    Dewey Decimal Classification     ctu-moalboal ctu-moalboal 02/04/2022 2 Fil. 647.268 B165 2020 7252 02/06/2026 01/23/2026 01/23/2026 1 07/06/2023 Books-Filipiniana
    Dewey Decimal Classification     ctu-moalboal ctu-moalboal 02/04/2022   Fil. 647.268 B165 2020 7253   07/06/2023   2 07/06/2023 Books-Filipiniana